000
00260nam a22001097a 4500
082
_a
621.381 BUC'P
100
_a
PRICE, E. M,BICKINGHAM, H
_9
79916
245
_a
PRINCIPLES OF ELECTRONICS
260
_a
LONDON
300
_a
335P
_b
CLEVER HUME
_e
1953
942
_c
BK
999
_c
584897
_d
584897